LEADER 02912nam 2200625 a 450 001 9910465696703321 005 20200520144314.0 010 $a1-78170-083-4 010 $a1-84779-153-0 035 $a(CKB)2560000000085634 035 $a(EBL)1069474 035 $a(OCoLC)818847143 035 $a(SSID)ssj0000712719 035 $a(PQKBManifestationID)12229351 035 $a(PQKBTitleCode)TC0000712719 035 $a(PQKBWorkID)10644803 035 $a(PQKB)10864537 035 $a(StDuBDS)EDZ0000086813 035 $a(MiAaPQ)EBC1069474 035 $a(OCoLC)936292587 035 $a(MdBmJHUP)muse78110 035 $a(OCoLC)1132229524 035 $a(Au-PeEL)EBL1069474 035 $a(CaPaEBR)ebr10623260 035 $a(CaONFJC)MIL843475 035 $a(EXLCZ)992560000000085634 100 $a20080619d2007 uy 0 101 0 $aeng 135 $aurcn||||||||| 181 $ctxt 182 $cc 183 $acr 200 14$aThe ancient Greeks at war$b[electronic resource] /$fLouis Rawlings 210 $aManchester ;$aNew York $cManchester University Press$d2007 215 $a1 online resource (273 p.) 300 $aDescription based upon print version of record. 311 $a0-7190-5657-8 320 $aIncludes bibliographical references (p. [228]-244) and index. 327 $aCopyright; Contents; Acknowledgements; Abbreviations; Introduction; Chapter 1 War and peace in ancient Greece; Chapter 2 Early Greek warfare; Chapter 3 The makers of war; Chapter 4 The patterns of war; Chapter 5 Battlefield engagements in the age of the hoplite; Chapter 6 Naval warfare; Chapter 7 Siege warfare; Chapter 8 War and economy; Chapter 9 War and religion; Chapter 10 War, the individual and the community; Conclusion The ancient Greeks at war; Bibliography; Index. 330 $aThe ancient Greeks experienced war in many forms. By land and by sea, they conducted raids, ambushes, battles and sieges; they embarked on campaigns of intimidation, conquest and annihilation; they fought against fellow Greeks and non-Greeks.Drawing on a wealth of literary, epigraphic and archaeological material, this wide-ranging synthesis looks at the practicalities of Greek warfare and its wider social ramifications. Alongside discussions of the nature and role of battle, logistics, strategy, and equipment are examinations of other fundamentals of war: religious and economic factors. 606 $aMilitary art and science$zGreece$xHistory$yTo 500 606 $aArmies$zGreece 607 $aGreece$xHistory, Military 608 $aElectronic books. 615 0$aMilitary art and science$xHistory 615 0$aArmies 676 $a355.020938 700 $aRawlings$b Louis$01032668 801 0$bMiAaPQ 801 1$bMiAaPQ 801 2$bMiAaPQ 906 $aBOOK 912 $a9910465696703321 996 $aThe ancient Greeks at war$92450655 997 $aUNINA LEADER 01191nam a22002771i 4500 001 991000406159707536 005 20040826090344.0 008 040920s1998 it ita 020 $a9788878028517 035 $ab13215930-39ule_inst 035 $aARCHE-116217$9ExL 040 $aSet. Economia$bita$cA.t.i. Arché s.c.r.l. Pandora Sicilia s.r.l. 082 04$a342.7308 245 00$aEtica della pubblica amministrazione :$bun esame internazionale secondo la teoria della scelta collettiva /$ca cura di Lorenzo Sacconi 260 $aMilano :$bGuerini,$c[1998] 300 $aXXVIII, 326 p. ;$c23 cm 490 $aEconomia e istituzioni 650 4$aAmministrazione pubblica$xResponsabilità$xPaesi della Comunità europea 651 4$aStati Uniti d'America$xAmministrazione pubblica$xResponsabilità 700 1 $aSacconi, Lorenzo 907 $a.b13215930$b26-03-19$c23-09-04 912 $a991000406159707536 945 $aLE025 ECO 342 SAC01.01$g1$i2025000173217$lle025$nCatalogato 2019$o-$pE0.00$q-$rl$s- $t0$u2$v1$w2$x0$y.i13871493$z23-09-04 996 $aEtica della pubblica amministrazione$9883905 997 $aUNISALENTO 998 $ale025$b23-09-04$cm$da $e-$fita$git $h0$i1 LEADER 02886 am 2200697 n 450 001 9910502598203321 005 20210726 010 $a979-1-03-657693-5 024 7 $a10.4000/books.pup.48593 035 $a(CKB)4100000012052876 035 $a(FrMaCLE)OB-pup-48593 035 $a(oapen)https://directory.doabooks.org/handle/20.500.12854/86484 035 $a(PPN)258324260 035 $a(EXLCZ)994100000012052876 100 $a20211014j|||||||| ||| 0 101 0 $afre 135 $auu||||||m|||| 181 $ctxt$2rdacontent 182 $cc$2rdamedia 183 $acr$2rdacarrier 200 10$aDieu est une sphère $eLa métaphore d?Alain de Lille à Vincent de Beauveais et ses traducteurs /$fEdit Anna Lukács 210 $aAix-en-Provence $cPresses universitaires de Provence$d2021 215 $a1 online resource (182 p.) 225 1 $aSenefiance 311 $a979-1-03-200236-0 330 $aAu Moyen Age, nombre de métaphores circulaient à propos de Dieu. Mais peu ont été aussi répandues et aussi décriées que l?identification de l?Etre suprême à une sphère « dont le centre est partout, la circonférence nulle part ». Ce livre suit les méandres de cette histoire au xiiie siècle telle qu?on ne l?a pas encore vue : à la fois littéraire (Jean de Meun), théologique (Alain de Lille) et scientifique (Vincent de Beauvais) ; latine et vernaculaire. Il questionne sa provenance, ses liens avec la philosophie antique et la rhétorique, ainsi que les concepts de nature et d?infini. Grâce à des analyses détaillées de textes encore mal connus, tels que les traductions et abrégés en moyen français du Speculum maius, l?ouvrage aboutit au constat d?une richesse irréductible et, en même temps, au refus de voir dans cette micro-histoire une linéarité, voire même une progression. 606 $aMedieval & Renaissance Studies 606 $aLiterature (General) 606 $arhétorique 606 $aconcept 606 $amétaphore 606 $anature 606 $ainfini 606 $aMoyen-Âge 606 $aêtre suprême 606 $aspeculum maius 610 $arhétorique 610 $aconcept 610 $amétaphore 610 $anature 610 $ainfini 610 $aMoyen-Âge 610 $aêtre suprême 610 $aspeculum maius 615 4$aMedieval & Renaissance Studies 615 4$aLiterature (General) 615 4$arhétorique 615 4$aconcept 615 4$amétaphore 615 4$anature 615 4$ainfini 615 4$aMoyen-Âge 615 4$aêtre suprême 615 4$aspeculum maius 700 $aLukács$b Edit Anna$01326139 702 $aLukács$b Edit Anna$4oth 801 0$bFR-FrMaCLE 906 $aBOOK 912 $a9910502598203321 996 $aDieu est une sphère$93037141 997 $aUNINA